Music Quiz

Random Music or Artist Quiz

Artists with 3+ Albums in Rolling Stone's Top 500 Quiz Stats

 Plays Quiz Updated Dec 28, 2020

Support Sporcle.
Go Orange.
Score 0/38 Timer 10:00
7 Plays Today
# Artist % Correct
9The Beatles
95.9%
6The Rolling Stones
90.2%
3Michael Jackson
71.9%
3Janet Jackson
68.6%
8Bob Dylan (1 credited as Bob Dylan and The Band)
62.9%
5Led Zeppelin
61.2%
4The Who
59.4%
3Elvis Presley
55.1%
3Madonna
52.6%
3Nirvana
51%
5Bruce Springsteen
48.8%
4Pink Floyd
48.8%
4Aretha Franklin
46.8%
3Jimi Hendrix (1 credited as The Jimi Hendrix Experience)
45.6%
3Kendrick Lamar
44.5%
4Joni Mitchell
43.9%
3The Beach Boys
43.6%
3Beastie Boys
42.3%
3The Clash
34.1%
# Artist % Correct
4Prince (1 credited as Prince and the Revolution)
32.9%
5David Bowie
32.2%
4Stevie Wonder
31.8%
3OutKast
31.5%
3Marvin Gaye
31.2%
6Kanye West
29.9%
3Tom Petty (1 credited as Tom Petty and The Heartbreakers)
29%
6Neil Young (and Crazy Horse)
28.8%
3Al Green
28.2%
4Radiohead
27.4%
3Black Sabbath
25.6%
3Jay-Z
25.1%
3James Brown
24.7%
3Bob Marley and the Wailers
22.9%
3Pavement
19%
4The Velvet Underground
17.5%
3Fiona Apple
17.3%
4Sly & the Family Stone
8.6%
3Big Star
3.8%

You're not logged in!

Compare scores with friends on all Sporcle quizzes.
OR
Log In

From the Vault

Assassins in Movies

by Larryholmes79

Go ahead. Play the quiz, friendo.
Remove Ads.
Support Sporcle.
Get the best of Sporcle when you Go Orange. This ad-free experience offers more features, more stats, and more fun while also helping to support Sporcle. Thank you for becoming a member.

Show Comments

Extras

Top Quizzes Today


Score Distribution

Your Account Isn't Verified!

In order to create a playlist on Sporcle, you need to verify the email address you used during registration. Go to your Sporcle Settings to finish the process.

Report this User

Report this user for behavior that violates our Community Guidelines.

Details: